| 000 -LEADER |
| fixed length control field |
00379nam a2200145Ia 4500 |
| 008 - FIXED-LENGTH DATA ELEMENTS--GENERAL INFORMATION |
| fixed length control field |
230613s9999||||xx |||||||||||||| ||und|| |
| 020 ## - INTERNATIONAL STANDARD BOOK NUMBER |
| International Standard Book Number |
9788120350021 |
| 082 ## - DEWEY DECIMAL CLASSIFICATION NUMBER |
| Classification number |
005.74 |
| Item number |
G9775 |
| 100 ## - MAIN ENTRY--PERSONAL NAME |
| Personal name |
Gupta, G. K. |
| 245 #0 - TITLE STATEMENT |
| Title |
Introduction to data mining with case studies |
| 250 ## - EDITION STATEMENT |
| Edition statement |
3rd |
| 260 ## - PUBLICATION, DISTRIBUTION, ETC. (IMPRINT) |
| Place of publication, distribution, etc |
Delhi |
| Name of publisher, distributor, etc |
PHI Learning Pvt Ltd. |
| Date of publication, distribution, etc |
2016 |
| 300 ## - PHYSICAL DESCRIPTION |
| Extent |
xxi, 514 p. |
| 942 ## - ADDED ENTRY ELEMENTS (KOHA) |
| Item type |
Books |